[Event "Espalion op 3rd"]
[Site "Espalion"]
[Date "2018.07.20"]
[Round "8"]
[White "Veschambre, Martin"]
[Black "Dewilde, Rudi"]
[Result "1/2-1/2"]
[WhiteElo "1541"]
[BlackElo "1272"]
[PlyCount "80"]
[EventDate "2018.07.14"]
[EventType "swiss"]
[EventRounds "9"]
[EventCountry "FRA"]
[SourceTitle "CBM 185 Extra"]
[Source "ChessBase"]
[SourceDate "2018.07.29"]
[SourceVersion "1"]
[SourceVersionDate "2018.07.29"]
[SourceQuality "1"]

1. d4 d5 2. Bf4 g6 3. e3 Nf6 4. Bd3 Bg7 5. h3 0-0 6. Nf3 Nbd7 7. 0-0 e6 8. Nbd2 Re8 9. c4 c5 10. cxd5 Nxd5 11. Bg5 Bf6 12. Bxf6 N5xf6 13. Nb3 b6 14. dxc5 Nxc5 15. Nxc5 bxc5 16. Bb5 Bd7 17. Bxd7 Qxd7 18. Qxd7 Nxd7 19. Rfd1 Red8 20. Rd2 Nf6 21. Rad1 Rd5 22. Rc1 Ne4 23. Rxd5 exd5 24. Ne1 c4 25. Rd1 Rd8 26. Nc2 a5 27. f3 Nf6 28. e4 a4 29. a3 Rb8 30. Nb4 dxe4 31. fxe4 Nxe4 32. Rd4 c3 33. Rxe4 cxb2 34. Re1 Rc8 35. Nd3 Rb8 36. Rb1 Rb3 37. Nc5 Rc3 38. Rxb2 Rxc5 39. Rb4 Ra5 40. Kf2 Kg7 1/2-1/2

[Event "Espalion op 3rd"]
[Site "Espalion"]
[Date "2018.07.14"]
[Round "1"]
[White "Larcheveque, Francois"]
[Black "Veschambre, Martin"]
[Result "1-0"]
[WhiteElo "1980"]
[BlackElo "1541"]
[PlyCount "71"]
[EventDate "2018.07.14"]
[EventType "swiss"]
[EventRounds "9"]
[EventCountry "FRA"]
[SourceTitle "CBM 185 Extra"]
[Source "ChessBase"]
[SourceDate "2018.07.29"]
[SourceVersion "1"]
[SourceVersionDate "2018.07.29"]
[SourceQuality "1"]

1. d4 d5 2. c4 Nc6 3. Nc3 Nf6 4. Nf3 dxc4 5. d5 Na5 6. Qa4+ c6 7. b4 b5 8. Qxa5 Qxa5 9. bxa5 b4 10. dxc6 bxc3 11. g3 Rb8 12. Bg2 e6 13. 0-0 Bd6 14. Be3 Rb5 15. Bxa7 Rxa5 16. Bd4 Ra6 17. Bxc3 Rxc6 18. Nd4 Rb6 19. a4 Nd5 20. a5 Ra6 21. Bxd5 exd5 22. Nb5 0-0 23. Nxd6 Rxd6 24. Bb4 Ra6 25. Bxf8 Kxf8 26. e3 Ke7 27. Rfd1 Ke6 28. Kf1 Ke5 29. Rd4 Bf5 30. Ke1 Kd6 31. Kd2 Kc5 32. Kc3 Be6 33. Rd2 g6 34. h4 h5 35. Rb2 Kc6 36. Kd4 1-0

[Event "Espalion op 2nd"]
[Site "Espalion"]
[Date "2017.07.22"]
[Round "9"]
[White "Veschambre, Martin"]
[Black "Brun, Pierre"]
[Result "0-1"]
[WhiteElo "1539"]
[BlackElo "1353"]
[PlyCount "42"]
[EventDate "2017.07.15"]
[EventType "swiss"]
[EventRounds "9"]
[EventCountry "FRA"]
[SourceTitle "CBM 179 Extra"]
[Source "ChessBase"]
[SourceDate "2017.08.23"]
[SourceVersion "1"]
[SourceVersionDate "2017.08.23"]
[SourceQuality "1"]

1. d4 Nf6 2. Bf4 g6 3. Nc3 Bg7 4. e4 d6 5. Qd2 0-0 6. h3 Re8 7. Nf3 Nbd7 8. Bh6 Bh8 9. 0-0-0 c5 10. d5 a6 11. g4 b5 12. g5 b4 13. gxf6 bxc3 14. Qxc3 Bxf6 15. Qd2 Rb8 16. c3 Qa5 17. Bc4 Nb6 18. Bb3 c4 19. Bc2 Qxa2 20. Bb1 Qa1 21. Qc2 Na4 0-1

[Event "Espalion op 2nd"]
[Site "Espalion"]
[Date "2017.07.21"]
[Round "8"]
[White "Muller Moingt, Bastien"]
[Black "Veschambre, Martin"]
[Result "0-1"]
[WhiteElo "1114"]
[BlackElo "1539"]
[PlyCount "74"]
[EventDate "2017.07.15"]
[EventType "swiss"]
[EventRounds "9"]
[EventCountry "FRA"]
[SourceTitle "CBM 179 Extra"]
[Source "ChessBase"]
[SourceDate "2017.08.23"]
[SourceVersion "1"]
[SourceVersionDate "2017.08.23"]
[SourceQuality "1"]

1. e4 d5 2. exd5 Nf6 3. Nc3 Nxd5 4. Bc4 e6 5. d4 Bb4 6. Bd2 Bxc3 7. Bxc3 Nxc3 8. bxc3 Bd7 9. Nf3 Nc6 10. 0-0 0-0 11. Bd3 Re8 12. Qe2 Qf6 13. Qe4 g6 14. Qh4 Qxh4 15. Nxh4 Ne7 16. c4 Rad8 17. Rab1 Bc8 18. Be4 Rxd4 19. f3 Rxc4 20. g3 Nd5 21. Kf2 Nc3 22. Rb3 Nxe4+ 23. fxe4 Rxc2+ 24. Ke3 Rd8 25. Ra3 a6 26. Rb1 b5 27. Nf3 c5 28. Ne1 Rc4 29. Rbb3 Bb7 30. Rc3 Rxe4+ 31. Kf2 Rd2+ 32. Kf1 b4 33. Rxc5 bxa3 34. Ra5 Rxh2 35. Rxa3 Rh1+ 36. Kf2 Rhxe1 37. Rb3 R4e2# 0-1

[Event "Espalion op 2nd"]
[Site "Espalion"]
[Date "2017.07.19"]
[Round "6"]
[White "Crouzet, Emeric"]
[Black "Veschambre, Martin"]
[Result "1-0"]
[WhiteElo "1950"]
[BlackElo "1539"]
[PlyCount "53"]
[EventDate "2017.07.15"]
[EventType "swiss"]
[EventRounds "9"]
[EventCountry "FRA"]
[SourceTitle "CBM 179 Extra"]
[Source "ChessBase"]
[SourceDate "2017.08.23"]
[SourceVersion "1"]
[SourceVersionDate "2017.08.23"]
[SourceQuality "1"]

1. d4 e6 2. c4 b6 3. Nf3 Bb4+ 4. Bd2 Bxd2+ 5. Nbxd2 Bb7 6. g3 f5 7. Bg2 Nf6 8. Nf1 0-0 9. Ne3 d6 10. d5 exd5 11. cxd5 Ne4 12. Nd4 Bc8 13. 0-0 Bd7 14. Nexf5 Bxf5 15. Nxf5 Rxf5 16. Bxe4 Re5 17. Qc2 h6 18. Rac1 Na6 19. f4 Re7 20. Bf5 Qe8 21. Rfe1 Re3 22. Be6+ Rxe6 23. dxe6 Qxe6 24. Qc4 Qxc4 25. Rxc4 Rd8 26. e4 c5 27. Ra4 1-0

[Event "Espalion op 2nd"]
[Site "Espalion"]
[Date "2017.07.16"]
[Round "2"]
[White "Montsma, Foppe Jan"]
[Black "Veschambre, Martin"]
[Result "1-0"]
[WhiteElo "1834"]
[BlackElo "1539"]
[PlyCount "53"]
[EventDate "2017.07.15"]
[EventType "swiss"]
[EventRounds "9"]
[EventCountry "FRA"]
[SourceTitle "CBM 179 Extra"]
[Source "ChessBase"]
[SourceDate "2017.08.23"]
[SourceVersion "1"]
[SourceVersionDate "2017.08.23"]
[SourceQuality "1"]

1. e4 d5 2. Nc3 d4 3. Nce2 e5 4. Ng3 Nf6 5. Nf3 Bg4 6. Bc4 Nbd7 7. c3 c5 8. Qb3 Qe7 9. Ng5 Be6 10. Bxe6 fxe6 11. Nxe6 Nb6 12. Qb5+ Kf7 13. Ng5+ Kg8 14. d3 Rc8 15. f4 h6 16. Nf3 Nfd7 17. 0-0 g6 18. Qb3+ Kh7 19. h4 Bg7 20. h5 Qf6 21. fxe5 Qe7 22. hxg6+ Kxg6 23. Nf5 Qd8 24. cxd4 cxd4 25. Nxg7 Kxg7 26. Nxd4 Qe7 27. Nf5+ 1-0

[Event "Espalion op 2nd"]
[Site "Espalion"]
[Date "2017.07.15"]
[Round "1"]
[White "Veschambre, Martin"]
[Black "Grichkevitch, Gilles"]
[Result "0-1"]
[WhiteElo "1539"]
[BlackElo "1990"]
[PlyCount "88"]
[EventDate "2017.07.15"]
[EventType "swiss"]
[EventRounds "9"]
[EventCountry "FRA"]
[SourceTitle "CBM 179 Extra"]
[Source "ChessBase"]
[SourceDate "2017.08.23"]
[SourceVersion "1"]
[SourceVersionDate "2017.08.23"]
[SourceQuality "1"]

1. d4 Nf6 2. Bf4 c5 3. d5 Qb6 4. Nc3 Qxb2 5. Bd2 Qb6 6. e4 d6 7. f4 Qd8 8. Nf3 a6 9. a4 e6 10. Bd3 exd5 11. Nxd5 Nxd5 12. exd5 Be7 13. 0-0 h6 14. Bc3 0-0 15. Rb1 Nd7 16. a5 Bf6 17. Qd2 Re8 18. Rfe1 Rxe1+ 19. Qxe1 Bxc3 20. Qxc3 Nf6 21. Bc4 Qc7 22. Qd2 Bg4 23. Be2 Re8 24. c4 Qe7 25. Kf1 Bf5 26. Re1 Ng4 27. Bd1 Qd8 28. h3 Nf6 29. g4 Bc8 30. Bc2 h5 31. gxh5 Bxh3+ 32. Kg1 Rxe1+ 33. Qxe1 Qd7 34. Nh2 Bf5 35. Bd1 Qe8 36. Qxe8+ Nxe8 37. Ng4 Bd3 38. Ne3 f5 39. Kf2 Nf6 40. Kg2 Kf7 41. Kh3 Ne4 42. Bb3 Nd2 43. Ba2 Kf6 44. Kh4 Be2 0-1